00241nam a22001097a 4500008004100000020001500041041000800056080000800064100000700072101000800079245004400087181221b xxu||||| |||| 00| 0 eng d a0030579716 aeng a316 a50 aSOC aNicaraglia in RevolutioncWalker ,Th. W